| 000 | 00484nam a2200157Ia 4500 | ||
|---|---|---|---|
| 999 |
_c20057 _d20057 |
||
| 003 | OSt | ||
| 005 | 20200608142550.0 | ||
| 008 | 190216s9999||||xx |||||||||||||| ||und|| | ||
| 040 | _coclc | ||
| 082 |
_a327.54047 _bSIN/P |
||
| 100 |
_aSingh, S P _91489 |
||
| 245 | 0 |
_aPolitical Dimensions Of India Ussr Relations / _cS P Singh |
|
| 260 |
_bAllied Publishers Limited, _c1987. _aNew Delhi: |
||
| 300 | _a302p | ||
| 942 |
_cBK _2ddc _h327.54047 _iSIN/P _k327.54047 _mSIN/P |
||